01009nam a2200265 i 4500001000300000245008600003260009100089300003600180500006000216504002600276650003800302655002900340700003400369015001800403020002300421040000800444041000800452080003100460920002600491942000700517008004100524999001700565856009800582952006300680bg00aDevelopments in machinery design and control.Vol. /cKazimierz Peszyński edn3. aBydgoszcz :bUniversity Press of University of Technology and Agriculture,ccop. 2003. a106 s. :brys., wykr. ;c24 cm. aPocz. pt.: Development in control and machinery design. aBibliogr. przy rozdz. 9aMaszynyxprojektyxoprogramowanie aMateriały konferencyjne1 aPESZYŃSKI, Kazimierz.eRed. aPB 10797/2005 a8389334852 (cz. 3) cBPK0 aeng a621.001.13/.14:004.4](061) a83-89334-85-2 (cz. 3) cKS s pl f |000 0 pol  c51417d51417 uhttp://koha.tu.koszalin.pl/cgi-bin/koha/opac-detail.pl?biblionumber=51417yKatalog online BPK 00104071aBPKbBPKcco78260p02304861t62-045.43 PtyKS